00343pab a2200133 454500008004500000100001800045245005100063260001400114300001300128650001600141650001500157700001800172773001900190180718b2000/2008 xxu||||| |||| 00| 0 eng d aChu, Hong-Yih aA brief note on tax evasion and tax collection c2000/2008 ap.82-85. aTax evasion aIncome tax aKam, Tai-Yung aPublic Finance